| 000 | 00385nam a2200145Ia 4500 | ||
|---|---|---|---|
| 008 | 230917s9999||||xx |||||||||||||| ||und|| | ||
| 040 |
_e81233 _aMAIN |
||
| 041 | _aEnglish | ||
| 082 | _a342.54 S14L | ||
| 100 | _aSubbarao, G C Venkata | ||
| 245 | 0 | _aLegislative powers in Indian constitutinal law | |
| 260 |
_aHyderabad _bLaw Academy _c1982 |
||
| 300 | _alxxxv, 751 p. | ||
| 942 | _cBK | ||
| 999 |
_c223158 _d223158 |
||